| 000 | 00408 a2200157 4500 | ||
|---|---|---|---|
| 005 | 20251110100108.0 | ||
| 008 | 250707b |||||||| |||| 00| 0 eng d | ||
| 020 | _a9780857428905 | ||
| 080 |
_aF _bBOD/N |
||
| 100 | _aBodnarova, Jana | ||
| 245 | _aNecklace/Choker: then, menawhile, now. | ||
| 260 |
_bSeagull books _aCalcutta _c2021 |
||
| 300 | _a154p. | ||
| 700 | _aJonathan Gresty; Tr.by. | ||
| 942 | _cBK | ||
| 999 |
_c114836 _d114835 |
||